Identification of QTLs affecting traits of agronomic importance in a recombinant inbred population derived from a subspecific rice crops (Record no. 60647)

MARC details
000 -LEADER
fixed length control field 00604nam a2200205Ia 4500
100 ## - MAIN ENTRY--AUTHOR NAME
Personal name Xiao J
245 #0 - TITLE STATEMENT
Title Identification of QTLs affecting traits of agronomic importance in a recombinant inbred population derived from a subspecific rice crops
260 ## - PUBLICATION, DISTRIBUTION, ETC. (IMPRINT)
Name of publisher Theoretical and Applied Genetics
Year of publication 1996
300 ## - PHYSICAL DESCRIPTION
Number of Pages 230-244
650 ## - SUBJECT ADDED ENTRY--TOPICAL TERM
Topical Term Molecular markers
650 ## - SUBJECT ADDED ENTRY--TOPICAL TERM
Topical Term QTLs
650 ## - SUBJECT ADDED ENTRY--TOPICAL TERM
Topical Term Recombinant inbred population
650 ## - SUBJECT ADDED ENTRY--TOPICAL TERM
Topical Term Rice
650 ## - SUBJECT ADDED ENTRY--TOPICAL TERM
Topical Term Subspecies
700 ## - ADDED ENTRY--PERSONAL NAME
Personal name Li J
700 ## - ADDED ENTRY--PERSONAL NAME
Personal name Tanksley S D
700 ## - ADDED ENTRY--PERSONAL NAME
Personal name Yuan L
942 ## - ADDED ENTRY ELEMENTS (KOHA)
Koha item type Journals
Holdings
Withdrawn status Lost status Damaged status Not for loan Home library Current library Shelving location Date acquired Serial Enumeration / chronology Koha item type
      Journals RRII Library RRII Library Molecular marker 17/12/2021 Volume 92, Issue 2 Journals